000 00426nam a2200181Ia 4500
001 9863
005 20260306161749.0
008 260306t2011||||xx |||||||||||||| ||spa||
041 _aESP
082 _a801.958
_bP46
100 _aPérez Priego, Miguel Ángel
_eAUT
245 0 _aLa edición de textos
260 _c2011
300 _a277 páginas :
_c21 cm.
650 _aGEN
654 _aCHU
942 _cLIB
_dJUS
_fJUS
_2ddc
_n
999 _c9863
_d9863